ज़िद जीतने की / (Record no. 69303)

MARC details
000 -LEADER
fixed length control field 01245nam a22002897a 4500
005 - DATE AND TIME OF LATEST TRANSACTION
control field 20120824160330.0
008 - FIXED-LENGTH DATA ELEMENTS--GENERAL INFORMATION
fixed length control field 101019t xxu||||| |||| 00| 0 hin
010 ## - LCCN (DPL NO)
LC control number HIN-96503
020 ## - INTERNATIONAL STANDARD BOOK NUMBER
Terms of availability 250.00
International Standard Book Number 8188717592
035 ## - SYSTEM CONTROL NUMBER
System control number HN-68849
037 ## - SOURCE OF ACQUISITION
Source of stock number/acquisition DBAD / PUB
040 ## - CATALOGING SOURCE
Original cataloging agency DPL
Language of cataloging HN
082 ## - DEWEY DECIMAL CLASSIFICATION NUMBER
Classification number 791.42
100 ## - MAIN ENTRY--PERSONAL NAME
9 (RLIN) 23632
Personal name भट्ट, महेश
245 ## - TITLE STATEMENT
Title ज़िद जीतने की /
Statement of responsibility, etc महेश भट्ट; अजय ब्रह्मात्मज द्वारा संपादित
246 ## - VARYING FORM OF TITLE
Title proper/short title Zid jeetne ki
Remainder of title by Mahesh Bhatt; edited by Ajay Brahamatmaj
260 ## - PUBLICATION, DISTRIBUTION, ETC. (IMPRINT)
Place of publication, distribution, etc नई दिल्ली
Name of publisher, distributor, etc गंगा डिस्ट्रीब्यूटर्स
Date of publication, distribution, etc 2009
270 ## - ADDRESS
City नई दिल्ली
Address 21-ए, दरियागंज
Postal code 110002
300 1# - PHYSICAL DESCRIPTION
Extent 161पृ.
Dimensions 22सेमी (सजिल्द)
650 ## - SUBJECT ADDED ENTRY--TOPICAL TERM
9 (RLIN) 657
650 ## - SUBJECT ADDED ENTRY--TOPICAL TERM
9 (RLIN) 51471
700 ## - ADDED ENTRY--PERSONAL NAME
9 (RLIN) 39143
Personal name अजय ब्रह्मात्मज
710 ## - ADDED ENTRY--CORPORATE NAME
9 (RLIN) 34811
710 ## - ADDED ENTRY--CORPORATE NAME
9 (RLIN) 35049
942 ## - ADDED ENTRY ELEMENTS (KOHA)
Source of classification or shelving scheme Dewey Decimal Classification
Item type Hindi Books
Call number suffix भट्टम
Classification part 791.47
Holdings
Withdrawn status Lost status Source of classification or shelving scheme Damaged status Not for loan Collection code Home library Current library Date acquired Source of acquisition Cost, normal purchase price Total Checkouts Full call number Barcode Date last seen Copy number Cost, replacement price Koha item type
    Dewey Decimal Classification   Not For Loan Non-fiction D.B.Act.Division D.B.Act.Division 24/08/2012 DBAD / PUB 250.00   791.47 भट्टम HN-68849 24/08/2012 1 250.00 Hindi Books

© Delhi Public Library
Hit Counter
free hit counter